LEADER 01524nam a2200325 u 4500 001 000000075632 003 CaOOAMICUS 005 20070226123125.0 008 031013s1991 sz u000 u fre u 020 $a2204044946 (Cerf) 020 $a2827105640 (E.U.F.) 035 $a10972700 040 $aPUL$bita 041 0 $afre$agrc 100 1 $aSpicq, Ceslas,$cO.P.,$d1901-1993.$0(OLS)http://pul/name/13803 245 10$aLexique théologique du Nouveau Testament /$cCeslas Spicq. 260 $aFribourg :$bEditions Universitaires de Fribourg ;$aParis :$bCerf,$c1991. 300 $a1668 p. ;$c23 cm 500 $aSul front.: "Réédition en un volume des Notes de lexicographie néo-testamentaire". 500 $aComprende indici e indicazioni bibliografiche. 630 04$aBiblia.$pN.T.$xStile linguistico.$0(OLS)http://pul/subject/17242 650 4$aLingua greca biblica$xGlossari, vocabolari, ecc.$0(OLS)http://pul/subject/26403 850 $aPUL 852 $aPUL$W1$xDP1 Altre Collocazioni$y17$mSenza collocazione$j12$nBK-PRI$b $qStampati$B97280$CPULBib$Z2$F97280 $H88872 $81 941 1 $a8 996 $6020$a2204044946 (Cerf)$9(OLS)http://pul/number/98790 996 $6020$a2827105640 (E.U.F.)$9(OLS)http://pul/number/98791 996 $6245$aLexique théologique du Nouveau Testament$9(OLS)http://pul/title/99268 996 $6260$aFribourg :$bEditions Universitaires de Fribourg$9(OLS)http://pul/publisher/74609 996 $6260$aParis :$bCerf$9(OLS)http://pul/publisher/48238 LEADER 01541nam a2200301 a 4500 001 000000137277 003 CaOOAMICUS 005 20140212094822.0 008 140212s1984 fr u000 u fre r 020 $a2-227-12605-1 040 $aPUL$bita 245 00$aDroits des peuples, droits de l'homme :$bpaix et justice sociale internationale : actes du colloque organise par l'Institut international Jacques Maritain, sous le patronage de l'UNESCO /$cdirection de l'ouvrage [par] Roberto Papini. 260 $aParis :$bLe Centurion,$c1984. 300 $a186 p. ;$c22 cm 490 1 $aDroits de l'homme et solidarité 500 $aInclude riferimenti bibliografici. 650 4$aDiritti umani$xCongressi.$0(OLS)http://pul/subject/36972 700 1 $aPapini, Roberto$b1938-$0(OLS)http://pul/name/5643 710 2 $aInstitut international Jacques Maritain.$0(OLS)http://pul/name/5644 710 2 $aUnesco.$0(OLS)http://pul/name/5180 830 0$aDroits de l'homme et solidarité.$0(OLS)http://pul/title/173777 850 $aPUL 852 $aPUL$W1$xDP1 Fondo E. Rossi$y115$m5 A 100$j158315$qFondi$B157783$CPULBib$Z2$F157783 $82 941 1 $a1 996 $6020$a2-227-12605-1$9(OLS)http://pul/number/154431 996 $6245$aDroits des peuples, droits de l'homme :$bpaix et justice sociale internationale : actes du colloque organise par l'Institut international Jacques Maritain, sous le patronage de l'UNESCO$9(OLS)http://pul/title/173776 996 $6260$aParis :$bLe Centurion$9(OLS)http://pul/publisher/62405